000 00740nam a2200193 a 4500
003 0
005 20250625105422.0
008 030604s19uu xx 00 eng d
050 _aPHS HE 562
_b.C87 1998
100 _aCustodio, Angelo C.
245 _aTraffic :
_beffects on commuters and motorists with in the municipality of Parañaque /
_cAngelo C. Custodio.
260 _aLas Piñas City, Philippines :
_bSouthville International School and Colleges,
_c1998.
300 _aunnumbered pages ;
_c29 cm.
650 _aTraffic
_xSocial aspects.
650 _aTraffic
_xEnvironmental aspects.
650 _aCommuting
_zPhilippines
_zMetro Manila
_zParañaque.
650 _aMotorists
_zPhilippines
_zMetro Manila
_zParañaque.
942 _2lcc
_cPASS
999 _c96224
_d96224